THE ASSERTIVE YOU (Record no. 79621)

MARC details
000 -LEADER
fixed length control field 00442nam a2200169Ia 4500
008 - FIXED-LENGTH DATA ELEMENTS--GENERAL INFORMATION
fixed length control field 090123s9999 xx 000 0 und d
082 ## - DEWEY DECIMAL CLASSIFICATION NUMBER
Item number 41545
100 ## - MAIN ENTRY--PERSONAL NAME
Personal name PHELPS STONLEY AUSTIN NANCY
245 ## - TITLE STATEMENT
Title THE ASSERTIVE YOU
250 ## - EDITION STATEMENT
Edition statement 0
260 ## - PUBLICATION, DISTRIBUTION, ETC. (IMPRINT)
Name of publisher, distributor, etc JAICO PUBLISHING HOUSE
600 ## - SUBJECT ADDED ENTRY--PERSONAL NAME
Personal name PHELPS STONLEY AUSTIN NANCY
630 ## - SUBJECT ADDED ENTRY--UNIFORM TITLE
Uniform title THE ASSERTIVE YOU
700 ## - ADDED ENTRY--PERSONAL NAME
Personal name PHELPS STONLEY AUSTIN NANCY
730 ## - ADDED ENTRY--UNIFORM TITLE
Uniform title THE ASSERTIVE YOU
942 ## - ADDED ENTRY ELEMENTS (KOHA)
Koha item type Book
Holdings
Withdrawn status Lost status Damaged status Not for loan Home library Current library Date acquired Cost, normal purchase price Total Checkouts Full call number Barcode Date last seen Cost, replacement price Price effective from Koha item type
        Jawahar Wachalanalaya, Kalwa Jawahar Wachalanalaya, Kalwa 08/23/2007 0.00   41545 KLW-41545 01/23/2009 0.00 01/23/2009 Book